Normal view
MARC view
- الخلق-اصل الانسان-النشوء والارتقاء-الكون-فلسفة
Entry Topical Term
001 - CONTROL NUMBER
- control field: 9149
003 - CONTROL NUMBER IDENTIFIER
- control field: JO-AjAnu
005 - DATE AND TIME OF LATEST TRANSACTION
- control field: 20230606071755.0
008 - FIXED-LENGTH DATA ELEMENTS
- fixed length control field: 230606|| aca||aabn | a|a d
040 ## - CATALOGING SOURCE
- Original cataloging agency: JO-AjAnu
- Transcribing agency: JO-AjAnu
150 ## - HEADING--TOPICAL TERM
- Topical term or geographic name entry element: الخلق-اصل الانسان-النشوء والارتقاء-الكون-فلسفة
670 ## - SOURCE DATA FOUND
- Source citation: Work cat.: (JO-AjAnu)4718: الحسن،كاظم ناصر, author 9148, فلسفة الخليقة :أو أصل الخلائق في مختلف العقائد